Effective planning appeals (Record no. 90701)

MARC details
000 -LEADER
fixed length control field 00436cam a2200181 4500
008 - FIXED-LENGTH DATA ELEMENTS--GENERAL INFORMATION
fixed length control field 090401t1988 xxu||||| |||| 00| 0 eng d
020 ## - INTERNATIONAL STANDARD BOOK NUMBER
International Standard Book Number 0632021241
035 ## - SYSTEM CONTROL NUMBER
System control number (Sirsi) u38755
041 ## - LANGUAGE CODE
Language code of text/sound track or separate title eng
050 ## - LIBRARY OF CONGRESS CALL NUMBER
Classification number 711.1
100 ## - MAIN ENTRY--PERSONAL NAME
Personal name McCoubrey, Hilaire
245 ## - TITLE STATEMENT
Title Effective planning appeals
260 ## - PUBLICATION, DISTRIBUTION, ETC.
Place of publication, distribution, etc. Oxford
Name of publisher, distributor, etc. BSP Professional Books
Date of publication, distribution, etc. 1988
300 ## - PHYSICAL DESCRIPTION
Extent 157p. ; 24cm.
350 ## - PRICE (NR) (BK AM CF MU VM SE) [OBSOLETE]
Price 17.59
942 ## - ADDED ENTRY ELEMENTS (KOHA)
Suppress in OPAC 0
948 ## - LOCAL PROCESSING INFORMATION (OCLC); SERIES PART DESIGNATOR (RLIN)
c (OCLC) 04/03/1997
Holdings
Withdrawn status Lost status Source of classification or shelving scheme Damaged status Not for loan Home library Current library Shelving location Date acquired Cost, normal purchase price Total Checkouts Full call number Barcode Date last seen Date last checked out Copy number Cost, replacement price Price effective from Koha item type
    Dewey Decimal Classification     London London Books 14/09/1999 17.59 1 711.1 30010244 06/08/2019 25/10/2001 1 17.59 06/08/2019 Book